HBCU's with the Best Greek Life - Statistics

General Stats
  • This quiz has been taken 8 times
  • The average score is 10 of 25
Answer Stats
National Rank University % Correct
11 Florida A&M
100%
23 Howard
88%
59 Alabama A&M
75%
22 North Carolina A&T
75%
90 Alabama State
63%
18 Prairie View A&M
63%
61 Bethune-Cookman
50%
20 Clark Atlanta
50%
39 Jackson State
50%
69 Morehouse
50%
44 North Carolina Central
50%
21 Morgan State
38%
72 Savannah State
38%
41 Southern
38%
15 Texas Southern
38%
33 Tuskegee
38%
66 Albany State
25%
78 Arkansas-Pine Bluff
25%
42 Tennessee State
25%
93 Virginia State
25%
65 Alcorn State
13%
71 Lincoln
13%
56 Winston-Salem State
13%
75 Harris-Stowe
0%
79 Langston
0%
No matching quizzes found
Score Distribution
Percent of People with Each Score
Percentile by Number Answered
Your Score History
You have not taken this quiz